000 00418nam a2200157 i 4500
001 57870
003 ES-MaACL
005 20230906163652.0
007 t|
008 031020s1931 fr ||||1| fre d
100 1 _aDottin, Paul.
_945467
245 1 3 _aLa litterature anglaise /
_cpar Paul Dottin.
260 _aParis :
_b[s.n.],
_c1931 (
_fAndré Brulliard)
300 _a223 p. ;
_c17 cm.
852 _aES-MaACL
_jF-5622
999 _c57870
_d57870